01437 2200349 4500001002100000005001500021035002000036007000300056008004100059020002200100082001200122084002100134100002900155245011900184250003100303300003700334650002000371700002900391700002500420490002600445520040200471264004400873336002100917337003000938338002300968990001600991990001601007990001601023990001601039990001601055990001601071INLIS00000000101220220221020090204 a0010-1022000058ta221020 a 1 ind  a978-979-788-597-7 a398.245 aSR 398.245 BUD k aBudi Dermawanepengarang1 aKatak & siput :basyiknya belajar sikap toleransi /cBudi Dermawan; ilustrator, Agus Mutaram; editor, Aulia Rahman aCetakan II, September 2021 a32 halaman :bIlustrasi ;c15 cm 4aCerita binatang0 aAgus Mutarameilustrator0 aAulia Rahmaneeditor aSeri fabel inspiratif aProses pembentukan kepribadian anak dimulai sejak usia dini. Apabila orangtua dan lingkungan bisa memberi contoh serta pelajaran yang baik, niscaya baik pula perkembangan kepribadian anak kelak. Seri fabel inspiratif ini memberikan pesan-pesan tentang pengembangan moral, karakter, dan akhlak melalui kisah-kisah. Melalui kisah, hikmah dan pelajaran dapat lebih mudah disampaikan dan diserap anak. aJakarta :bPenebar swadaya group,c2021 2rdacontentaTeks 2rdamediaaTanpa perantara 2rdacarrieraVolume a50087.62907 a50088.62908 a50088.62908 a50087.62907 a50087.62907 a50088.62908